000 00629nam a2200181Ia 4500
008 090630s9999 xx 000 0 und d
082 _b20703
100 _aनाईक संजय.
245 _aसावज सापडले एकदाचे.
_cनाईक संजय.
260 _bअक्षय - पुणे.
_c2001
300 _a20
600 _aनाईक संजय.
630 _aसावज सापडले एकदाचे.
655 _aबालवाङमय.
700 _aनाईक संजय.
730 _aसावज सापडले एकदाचे.
942 _cBOOK
999 _c272559
_d272559